| 000 | 00622nam a2200241Ia 4500 | ||
|---|---|---|---|
| 003 | OSt | ||
| 005 | 20220912151522.0 | ||
| 006 | a|||||r|||| 00| 0 | ||
| 007 | ta | ||
| 008 | 220909b |||||||| |||| 00| 0 eng d | ||
| 024 | _a38236 | ||
| 037 | _cTextual | ||
| 040 |
_aCSL _beng _cCSL |
||
| 041 | _aeng | ||
| 082 | _aE:98(C5:72), L7 | ||
| 100 | _aHedvig Peter | ||
| 245 | 0 | _aDielectric spectroscopy of polymers | |
| 260 |
_aBristol _bAdam Hilger _c1977 |
||
| 300 |
_a429p. _ccm. illus. |
||
| 650 | _aChemistry | ||
| 942 |
_hE:98(C5:72), L7 _cTEXL _2CC |
||
| 999 |
_c70494 _d70494 |
||